000 00805nam a2200253Ia 4500
003 OSt
005 20220923222803.0
006 a|||||r|||| 00| 0
007 ta
008 220922b |||||||| |||| 00| 0 hin d
024 _a207,905
037 _cTextual
040 _aARTS
_cARTS
_bhin
041 _2hin
_ahin
082 _aO152,3NRA12x, L9
100 _aराजहंस, रमेश
245 0 _aअपने अपने हिस्से का दुख
246 _aApane apane hisse kā dukha
260 _aपटना
_b कुणाल प्रका0
_c1977
300 _a87पृ.
_ccm.
650 _aहिन्दी साहित्य
_9156264
942 _hO152,3NRA12x, L9
_cTEXL
_2CC
999 _c358522
_d358522